|
|
|
|
| LEADER |
00000nab a2200000ua 4500 |
| 001 |
vtls010766903 |
| 003 |
SK-MaSNL |
| 005 |
20260304201854.0 |
| 008 |
250718s1999 xo |||||||||||||||||slo| |
| 035 |
|
|
|a (urnnbn)urn:nbn:sk:snk:ar-a03utt
|
| 035 |
|
|
|a (uuid)bce374a3-a3b5-498c-8ce6-9ced34e79142
|
| 035 |
|
|
|a urn:nbn:sk:snk-ab5fc3
|
| 040 |
|
|
|a SNKBUCL
|b slo
|c SNKBUCL
|e AACR2
|
| 041 |
0 |
|
|a slo
|
| 044 |
|
|
|a xo
|c SK
|
| 100 |
1 |
|
|a Hlavatý, L.
|4 aut
|9 1143345
|
| 245 |
1 |
0 |
|a IMPORT HOVÄDZIEHO DOBYTKA, VÁŽNE NEBEZPEČENSTVO ZAVLEČENIA A ROZŠIROVANIA PARATUBERKULÓZY V NAŠICH CHOVOCH
|c L. Hlavatý, T. Kraščenič
|
| 700 |
1 |
|
|a Kraščenič, T.
|4 aut
|9 1532439
|
| 773 |
0 |
|
|t Slovenský veterinársky časopis : odborný dvojmesačník pre veterinárnu starostlivosť, zdravie zvierat, veterinárnu farmáciu, dietetiku, welfare, hygienu potravín, potravinový dozor a veterinárnu prax
|g Roč. 24, č. 4 (1999), s. 215-218
|
| 850 |
|
|
|a Slovenská národná knižnica
|
| 852 |
|
|
|a Slovenská národná knižnica
|
| 954 |
|
|
|a odborná, vedecká literatúra pôvodná (slovenská)
|2 lita
|
| 958 |
|
|
|a article3
|
| 958 |
|
|
|a OND
|
| 958 |
|
|
|a EUIPO
|
| 999 |
|
|
|c 3098821
|d 3100751
|